000 00723nam a2200253 a 4500
001 71104
003 BD-RjUL
005 20211209082058.0
008 170426s1961 enkp|||| |||| 001 0 eng d
035 _a(BD-RjUL)71319
040 _dBD-RjUL
_aBD-RjUL
_beng
_cBD-RjUL
041 _aeng
082 _a579
_223
_bFRF 1961
100 1 _aFrobisher, Martin.
_9119203
245 0 0 _aFundamentals Of Microbiology /
_cMartin Frobisher
250 _a6th ed.
260 _aLondon :
_bW.B.Saunders,
_cc1954 [Printing 1961].
300 _axxii, 617 p. :
_bill. ;
_c22 cm.
500 _aIncludes index
650 0 _a Microbiology.
_9165055
650 0 _aMicrobiologie.
_9165056
650 0 _aMikrobiologie.
_9165057
942 _2ddc
_cBK
999 _c71104
_d71104